Thomas Jefferson and American democracy

Gorde:
Xehetasun bibliografikoak
Egile nagusia: Beloff, Max
Formatua: Liburua
Hizkuntza:Undetermined
Argitaratua: London The English Universities Press Ltd. 1948
Etiketak: Etiketa erantsi
Etiketarik gabe, Izan zaitez lehena erregistro honi etiketa jartzen!
Thư viện lưu trữ: Trung tâm Học liệu Trường Đại học Cần Thơ
LEADER 00456nam a2200169Ia 4500
001 CTU_77658
008 210402s9999 xx 000 0 und d
082 |a 973.4 
082 |b B452 
100 |a Beloff, Max 
245 0 |a Thomas Jefferson and American democracy 
245 0 |c Max Beloff 
260 |a London 
260 |b The English Universities Press Ltd. 
260 |c 1948 
904 |i Năm 
980 |a Trung tâm Học liệu Trường Đại học Cần Thơ